Online
Catalog

The Americans : (Record no. 17504)

MARC details
000 -CABECERA
campo de control de longitud fija 00755cam a2200229 a 4500
001 - NÚMERO DE CONTROL
campo de control 000017982
003 - IDENTIFICADOR DEL NÚMERO DE CONTROL
campo de control DO-SdBNP
005 - FECHA Y HORA DE LA ÚLTIMA TRANSACCIÓN
campo de control 20240626153418.0
008 - DATOS DE LONGITUD FIJA--INFORMACIÓN GENERAL
campo de control de longitud fija 720720s1965 xxu r 000 0 eng d
040 ## - FUENTE DE LA CATALOGACIÓN
Centro catalogador/agencia de origen DO-SdBNP
Lengua de catalogación spa
Centro/agencia transcriptor BNPHU
082 ## - NÚMERO DE LA CLASIFICACIÓN DECIMAL DEWEY
Número de clasificación xxxx
Número de documento/Ítem xxxx
100 1# - ENTRADA PRINCIPAL--NOMBRE DE PERSONA
Nombre de persona Boorstin, Daniel J.
Forma completa/desarrollada del nombre (Daniel Joseph),
Fechas asociadas al nombre 1914-2004.
9 (RLIN) 31969
245 14 - MENCIÓN DE TÍTULO
Título The Americans :
Resto del título the national experience /
Mención de responsabilidad, etc. Daniel J. Boorstin.
260 ## - PUBLICACIÓN, DISTRIBUCIÓN, ETC.
Lugar de publicación, distribución, etc. New York, :
Nombre del editor, distribuidor, etc. Random House,
Fecha de publicación, distribución, etc. 1965.
300 ## - DESCRIPCIÓN FÍSICA
Extensión 517 p. ;
Dimensiones 24 cm.
490 1# - MENCIÓN DE SERIE
Mención de serie The americans
Designación de volumen o secuencia 2
500 ## - NOTA GENERAL
Nota general Incluyeye referencias bibliográficas, notas al pie de las páginas e indices
504 ## - NOTA DE BIBLIOGRAFÍA, ETC.
Nota de bibliografía, etc. Bibliografía : p. 433-495.
590 ## - NOTA LOCAL (RLIN)
Nota local Inventariado, 2019/BT
830 #4 - PUNTO DE ACCESO ADICIONAL DE SERIE-TÍTULO UNIFORME
Título uniforme The americans
Número de parte o sección de la obra 2
9 (RLIN) 38986
942 ## - ELEMENTOS DE PUNTO DE ACCESO ADICIONAL (KOHA)
Fuente del sistema de clasificación o colocación Dewey Decimal Classification
Tipo de ítem Koha Libro
Holdings
Estado de retiro Estado de pérdida Restricciones de uso No para préstamo Código de colección Localización permanente Ubicación/localización actual Ubicación en estantería Fecha de adquisición Número de inventario Total de préstamos Signatura topográfica completa Código de barras Fecha visto por última vez Precio válido a partir de Tipo de ítem Koha
      Excluido de préstamo Monografías: Libros y Folletos General General Depósito 08.04.2010 LF1   xxxx xxxx 17982-10 25.06.2020 25.06.2020 No se presta

Powered by Koha